Selected works of Emil Wolf : with commentary

This book presents most of the important papers of Emil Wolf, published over half-a century. It covers chiefly diffraction theory (especially the analysis of the focal region), the theory of direct and inverse scattering, phase-space methods in quantum mechanics, the foundation of radiometry, phase...

Description complète

Enregistré dans:
Détails bibliographiques
Auteur principal: Wolf, Emil
Format: Livre
Langue:Undetermined
Publié: Singapore World Scientific Pub. 2001
Sujets:
Tags: Ajouter un tag
Pas de tags, Soyez le premier à ajouter un tag!
Thư viện lưu trữ: Trung tâm Học liệu Trường Đại học Cần Thơ
LEADER 00895nam a2200217Ia 4500
001 CTU_210039
008 210402s9999 xx 000 0 und d
020 |c 197.00 
082 |a 535.2 
082 |b W853 
100 |a Wolf, Emil 
245 0 |a Selected works of Emil Wolf : 
245 0 |b with commentary 
245 0 |c Emil Wolf 
260 |a Singapore 
260 |b World Scientific Pub. 
260 |c 2001 
520 |a This book presents most of the important papers of Emil Wolf, published over half-a century. It covers chiefly diffraction theory (especially the analysis of the focal region), the theory of direct and inverse scattering, phase-space methods in quantum mechanics, the foundation of radiometry, phase conjugation and coherence theory. 
650 |a Physics,Optics,Vật lý,Quang học 
904 |i Qhieu 
980 |a Trung tâm Học liệu Trường Đại học Cần Thơ